000 00465nam a2200193Ia 4500
008 151119s9999||||xx |||||||||||||| ||und||
082 _a133.5
082 _bGKKV14559
100 _aSWAMI SATYANANDA SARASWATI
245 _aKUNDALINI TANTRA
260 _a--
260 _b--
260 _c0
600 _aSWAMI SATYANANDA SARASWATI
630 _aKUNDALINI TANTRA
700 _aSWAMI SATYANANDA SARASWATI
730 _aKUNDALINI TANTRA
942 _cBOOK
999 _c1068070
_d1068067